|
|
|
|
| LEADER |
00000nam0a2200000 4500 |
| 001 |
231658 |
| 005 |
20231101231115.0 |
| 010 |
|
|
|a 9785160061191
|
| 010 |
|
|
|a 978-5-905554-08-7
|
| 035 |
|
|
|a (RuTPU)RU\TPU\book\252681
|
| 035 |
|
|
|a RU\TPU\book\105350
|
| 035 |
|
|
|a RU\TPU\book\146959
|
| 090 |
|
|
|a 231658
|
| 100 |
|
|
|a 20060615d2013 m y0rusy50 ca
|
| 101 |
0 |
|
|a rus
|
| 102 |
|
|
|a RU
|
| 105 |
|
|
|a a j 001zy
|
| 200 |
1 |
|
|a Маркетинговое исследование: информация, анализ, прогноз
|e учебное пособие
|f И. К. Беляевский
|
| 205 |
|
|
|a 2-е изд., перераб. и доп.
|
| 210 |
|
|
|a Москва
|c Инфра-М
|c Курс
|d 2013
|
| 215 |
|
|
|a 392 с.
|c ил.
|
| 320 |
|
|
|a Основные понятия: с. 345-384.
|
| 320 |
|
|
|a Библиография: с. 385-390.
|
| 330 |
|
|
|a Изложены теория и принципы маркетинговых исследований, вопросы получения и анализа маркетинговой информации, стратегического и конъюктурного исследования рынков, конкуренции, моделирования покупательского поведения. В соответствии с требованиями ФГ ОС ВПО второе издание дополнено актуальными материалами о социальном маркетинге, о новых информационных возможностях, прогнозировании и динамике рынка на базе последних статистических данных. Для бакалавров, магистров и преподавателей, аспирантов экономических и торговых вузов, практических работников маркетинговых служб.
|
| 451 |
|
1 |
|0 (RuTPU)RU\TPU\book\105350
|y 5-279-02220-9
|t Маркетинговое исследование: информация, анализ, прогноз
|o учебное пособие
|f И. К. Беляевский
|c М.
|n Финансы и статистика
|d 2005
|p 320 с.
|a Беляевский, Игорь Константинович
|
| 606 |
1 |
|
|a Маркетинг
|2 stltpush
|3 (RuTPU)RU\TPU\subj\41036
|9 60857
|
| 610 |
1 |
|
|a экономика
|
| 610 |
1 |
|
|a маркетинг
|
| 610 |
1 |
|
|a маркетинговые исследования
|
| 610 |
1 |
|
|a маркетинговая информация
|
| 610 |
1 |
|
|a маркетинговый анализ
|
| 610 |
1 |
|
|a рынок
|
| 610 |
1 |
|
|a конъюнктурный анализ
|
| 610 |
1 |
|
|a стратегический анализ
|
| 610 |
1 |
|
|a учебные пособия
|
| 686 |
|
|
|a У9(2)212.4я73
|2 rubbk
|
| 700 |
|
1 |
|a Беляевский
|b И. К.
|g Игорь Константинович
|
| 801 |
|
1 |
|a RU
|b 63413507
|c 20130205
|
| 801 |
|
2 |
|a RU
|b 63413507
|c 20150519
|g RCR
|
| 942 |
|
|
|c BK
|
| 959 |
|
|
|a 10/20130125
|d 7
|e 359,90
|f ЧЗГЛ:1
|f АНЛ:1
|f УФ:5
|